Komparácia výsledkov testovania v rámci projektu Mysli finančne, konaj rozumne
Cieľom príspevku je prezentovať výsledky vstupného a výstupného testovania úrovne finančnej gramotnosti účastníkov projektu Mysli finančne, konaj rozumne zameraného na zvyšovanie finančnej gramotnosti sociálne znevýhodnených osôb a rodín žijúcich v zariadeniach sociálnych služieb.
Guardado en:
| Autor principal: | |
|---|---|
| Otros Autores: | , |
| Formato: | Capítulo de libro |
| Lenguaje: | eslovaco |
| Materias: | |
| Etiquetas: |
Sin Etiquetas, Sea el primero en etiquetar este registro!
|
MARC
| LEADER | 00000naa a2200000 4500 | ||
|---|---|---|---|
| 001 | 0313857 | ||
| 005 | 20260109132809.4 | ||
| 041 | 0 | |a slo | |
| 044 | |a SK | ||
| 245 | 1 | 0 | |a Komparácia výsledkov testovania v rámci projektu Mysli finančne, konaj rozumne |c Slavomíra Stašková, Zuzana Kudlová, Adela Feranecová |
| 520 | |a Cieľom príspevku je prezentovať výsledky vstupného a výstupného testovania úrovne finančnej gramotnosti účastníkov projektu Mysli finančne, konaj rozumne zameraného na zvyšovanie finančnej gramotnosti sociálne znevýhodnených osôb a rodín žijúcich v zariadeniach sociálnych služieb. | ||
| 610 | 2 | 0 | |a gramotnosť finančná |
| 610 | 2 | 0 | |a projekty |
| 610 | 2 | 0 | |a financie |
| 610 | 2 | 0 | |a osoby znevýhodnené |
| 100 | 1 | |a Stašková, Slavomíra, 1989- | |
| 700 | 1 | |a Kudlová, Zuzana, 1986- | |
| 700 | 1 | |a Feranecová, Adela, 1986- | |